000 00241nam a2200097Ia 4500
001 751379
005 20250826164643.0
008 250824s9999 xx 000 0 und d
245 0 _aAVCI HAYVANLAR
_cASENA MERİÇ
260 _bYEDİVEREN YAYINLARI
999 _c751379
_d751379